[Event "chess.com Speed (Women)"]
[Site "Chess.com INT"]
[Date "2019.06.23"]
[Round "2.9"]
[White "Kosteniuk, Alexandra"]
[Black "Gunina, Valentina"]
[Result "1-0"]
[WhiteElo "2546"]
[BlackElo "2506"]
[PlyCount "57"]
[EventDate "2019.05.22"]
[EventType "k.o. (blitz)"]
[EventRounds "3"]
[EventCountry "USA"]
[SourceTitle "EXT 2020"]
[Source "ChessBase"]
[SourceDate "2019.10.17"]
[SourceVersion "1"]
[SourceVersionDate "2019.10.17"]
[SourceQuality "1"]

1. e4 c6 2. c4 d5 3. cxd5 cxd5 4. exd5 Nf6 5. Nc3 Nxd5 6. Nf3 Nc6 7. Bb5 g6 8.
Qa4 Nb6 9. Qh4 Bg7 10. d4 O-O 11. Bxc6 bxc6 12. O-O Bf5 13. Re1 e6 14. Bg5 f6
15. Bc1 g5 16. Qg3 h5 17. h4 g4 18. Nh2 Qxd4 19. Be3 Qb4 20. f3 gxf3 21. Nxf3
Qxb2 22. Bh6 Rf7 23. Nd4 Bg4 24. Bc1 Qb4 25. Nxe6 Bxe6 26. Rxe6 f5 27. Rg6 Kh7
28. Ne2 Bxa1 29. Rh6# 1-0

[Event "chess.com Speed (Women)"]
[Site "Chess.com INT"]
[Date "2019.06.23"]
[Round "2.10"]
[White "Gunina, Valentina"]
[Black "Kosteniuk, Alexandra"]
[Result "0-1"]
[WhiteElo "2506"]
[BlackElo "2546"]
[PlyCount "108"]
[EventDate "2019.05.22"]
[EventType "k.o. (blitz)"]
[EventRounds "3"]
[EventCountry "USA"]
[SourceTitle "EXT 2020"]
[Source "ChessBase"]
[SourceDate "2019.10.17"]
[SourceVersion "1"]
[SourceVersionDate "2019.10.17"]
[SourceQuality "1"]

1. d4 Nf6 2. c4 e6 3. Nf3 d5 4. g3 dxc4 5. Bg2 Nc6 6. O-O Rb8 7. Bg5 b5 8. e3
Bb7 9. a4 a6 10. axb5 axb5 11. b3 cxb3 12. Qxb3 Nb4 13. Nc3 Be7 14. Bxf6 gxf6
15. e4 O-O 16. Rfd1 Ra8 17. Rxa8 Qxa8 18. d5 exd5 19. exd5 Qa7 20. Nd4 Bc5 21.
Ncxb5 Qb6 22. Be4 f5 23. Nxf5 Qxb5 24. Qf3 Kh8 25. Qh5 Qb6 26. Nd6 f5 27. Bxf5
Rxf5 28. Nxf5 Qg6 29. Qf3 Qf6 30. Re1 Bxd5 31. Re8+ Bf8 32. Rxf8+ Qxf8 33. Qc3+
Kg8 34. Qe5 c6 35. h4 Nd3 36. Ne7+ Kf7 37. Qf5+ Kxe7 38. Qxh7+ Kd6 39. Qxd3 Qf3
40. Qg6+ Kc5 41. Qc2+ Kb6 42. Qb2+ Kc7 43. Qg7+ Kd8 44. Qh8+ Kd7 45. Qg7+ Ke6
46. Qh6+ Ke5 47. Qg7+ Kd6 48. Qh6+ Be6 49. Qd2+ Kc7 50. Qh6 Qd1+ 51. Kh2 Qd6
52. Qg7+ Bd7 53. Qc3 Qd5 54. Qf6 Bf5 0-1

[Event "chess.com Speed (Women)"]
[Site "Chess.com INT"]
[Date "2019.06.23"]
[Round "2.11"]
[White "Kosteniuk, Alexandra"]
[Black "Gunina, Valentina"]
[Result "0-1"]
[WhiteElo "2546"]
[BlackElo "2506"]
[PlyCount "74"]
[EventDate "2019.05.22"]
[EventType "k.o. (blitz)"]
[EventRounds "3"]
[EventCountry "USA"]
[SourceTitle "EXT 2020"]
[Source "ChessBase"]
[SourceDate "2019.10.17"]
[SourceVersion "1"]
[SourceVersionDate "2019.10.17"]
[SourceQuality "1"]

1. e4 c6 2. d4 d5 3. e5 Bf5 4. Nf3 e6 5. Be2 Nd7 6. c3 h6 7. Nbd2 Ne7 8. O-O a5
9. Re1 Bh7 10. Nf1 Nf5 11. Bd3 Be7 12. Ng3 Nxg3 13. Bxh7 Rxh7 14. hxg3 g6 15.
Qd3 Kf8 16. b3 Kg7 17. c4 Rh8 18. a4 h5 19. Kh2 Nf8 20. cxd5 Qxd5 21. Bb2 Nh7
22. Nd2 Rad8 23. Nc4 h4 24. Nb6 hxg3+ 25. Kxg3 Bh4+ 26. Kh2 Bxf2 27. Nxd5 Ng5+
28. Qh3 Nxh3 29. gxh3 Bxe1 30. Nf6 Bh4 31. Ne4 Be7 32. Rf1 Rh4 33. Re1 c5 34.
Bc3 cxd4 35. Bxa5 Rd5 36. Bc7 d3 37. Nd2 Bb4 0-1

[Event "chess.com Speed (Women)"]
[Site "Chess.com INT"]
[Date "2019.06.23"]
[Round "2.12"]
[White "Gunina, Valentina"]
[Black "Kosteniuk, Alexandra"]
[Result "1-0"]
[WhiteElo "2506"]
[BlackElo "2546"]
[PlyCount "65"]
[EventDate "2019.05.22"]
[EventType "k.o. (blitz)"]
[EventRounds "3"]
[EventCountry "USA"]
[SourceTitle "EXT 2020"]
[Source "ChessBase"]
[SourceDate "2019.10.17"]
[SourceVersion "1"]
[SourceVersionDate "2019.10.17"]
[SourceQuality "1"]

1. e4 c5 2. Nf3 d6 3. d4 cxd4 4. Qxd4 Nc6 5. Bb5 Bd7 6. Qd3 Nf6 7. O-O g6 8. c4
Bg7 9. Nc3 O-O 10. Bf4 Ng4 11. Bxc6 Bxc6 12. Qe2 Qc8 13. Nd5 Re8 14. h3 Ne5 15.
Nxe5 dxe5 16. Bg5 f6 17. Be3 e6 18. Nc3 f5 19. f3 b6 20. Rad1 Qb7 21. Bf2 Rad8
22. Bh4 Rd4 23. Bf2 Red8 24. Bxd4 exd4 25. exf5 exf5 26. Qe6+ Kh8 27. Nb5 Re8
28. Qd6 Be5 29. Qa3 Qd7 30. f4 Bf6 31. Rfe1 Rxe1+ 32. Rxe1 d3 33. Qf8# 1-0

[Event "chess.com Speed (Women)"]
[Site "Chess.com INT"]
[Date "2019.06.23"]
[Round "2.13"]
[White "Kosteniuk, Alexandra"]
[Black "Gunina, Valentina"]
[Result "1/2-1/2"]
[WhiteElo "2546"]
[BlackElo "2506"]
[PlyCount "133"]
[EventDate "2019.05.22"]
[EventType "k.o. (blitz)"]
[EventRounds "3"]
[EventCountry "USA"]
[SourceTitle "EXT 2020"]
[Source "ChessBase"]
[SourceDate "2019.10.17"]
[SourceVersion "1"]
[SourceVersionDate "2019.10.17"]
[SourceQuality "1"]

1. e4 c6 2. c4 d5 3. cxd5 cxd5 4. exd5 Nf6 5. Nc3 Nxd5 6. Nf3 g6 7. Bb5+ Nc6 8.
Qa4 Nb6 9. Qh4 Bg7 10. d4 O-O 11. Bxc6 bxc6 12. O-O Bf5 13. Bh6 e6 14. Qf4 Re8
15. Bxg7 Kxg7 16. Ne5 Rc8 17. g4 g5 18. Qe3 Bg6 19. h4 gxh4 20. f4 f6 21. Nf3
Nd5 22. Qd2 c5 23. dxc5 Rxc5 24. Rad1 Qa5 25. f5 Nxc3 26. fxg6 Nd5 27. gxh7
Qxd2 28. Rxd2 Kxh7 29. Nxh4 Rg8 30. Rd4 Rc2 31. Rf2 Rc1+ 32. Kh2 Ne3 33. Kg3 f5
34. Kf3 Nxg4 35. Re2 Rf1+ 36. Kg2 Ne3+ 37. Kh2 Ng4+ 38. Kg2 Rb1 39. Rxe6 Rxb2+
40. Kf3 Nh2+ 41. Ke3 Rg3+ 42. Kf4 Rg4+ 43. Ke5 Re2+ 44. Kxf5 Rxe6 45. Rd7+ Kh6
46. Kxe6 Rxh4 47. Rxa7 Nf3 48. a4 Nd4+ 49. Kd5 Nb3 50. Ra6+ Kg7 51. Ra7+ Kf6
52. Kc6 Ke6 53. a5 Rc4+ 54. Kb5 Rc1 55. a6 Nd4+ 56. Kb6 Kd6 57. Rh7 Rb1+ 58.
Ka5 Kc5 59. Rh5+ Kc4 60. a7 Nc6+ 61. Ka6 Ra1+ 62. Kb7 Nxa7 63. Rh4+ Kc5 64.
Rh5+ Kd6 65. Rh6+ Ke5 66. Ra6 Rxa6 67. Kxa6 1/2-1/2

[Event "chess.com Speed (Women)"]
[Site "Chess.com INT"]
[Date "2019.06.23"]
[Round "2.14"]
[White "Gunina, Valentina"]
[Black "Kosteniuk, Alexandra"]
[Result "0-1"]
[WhiteElo "2506"]
[BlackElo "2546"]
[PlyCount "30"]
[EventDate "2019.05.22"]
[EventType "k.o. (blitz)"]
[EventRounds "3"]
[EventCountry "USA"]
[SourceTitle "EXT 2020"]
[Source "ChessBase"]
[SourceDate "2019.10.17"]
[SourceVersion "1"]
[SourceVersionDate "2019.10.17"]
[SourceQuality "1"]

1. e4 e5 2. Nf3 Nf6 3. Bc4 Nxe4 4. O-O Nc6 5. d4 d5 6. Bb5 exd4 7. Nxd4 Bd7 8.
c4 Nxd4 9. Bxd7+ Qxd7 10. Qxd4 Bc5 11. Qxg7 O-O-O 12. Be3 Rdg8 13. Qe5 Rxg2+
14. Kh1 Rhg8 15. Nc3 Bd6 0-1

[Event "chess.com Speed (Women)"]
[Site "Chess.com INT"]
[Date "2019.06.23"]
[Round "2.15"]
[White "Kosteniuk, Alexandra"]
[Black "Gunina, Valentina"]
[Result "1-0"]
[WhiteElo "2546"]
[BlackElo "2506"]
[PlyCount "27"]
[EventDate "2019.05.22"]
[EventType "k.o. (blitz)"]
[EventRounds "3"]
[EventCountry "USA"]
[SourceTitle "EXT 2020"]
[Source "ChessBase"]
[SourceDate "2019.10.17"]
[SourceVersion "1"]
[SourceVersionDate "2019.10.17"]
[SourceQuality "1"]

1. Nf3 d5 2. g3 c6 3. Bg2 Bg4 4. O-O Nd7 5. d4 Ngf6 6. h3 Bxf3 7. Bxf3 e5 8. c4
dxc4 9. Nd2 exd4 10. Nxc4 Bc5 11. b4 Bxb4 12. Qb3 Bc3 13. Nd6+ Kf8 14. Qxf7#
1-0

[Event "chess.com Speed (Women)"]
[Site "Chess.com INT"]
[Date "2019.06.23"]
[Round "2.16"]
[White "Gunina, Valentina"]
[Black "Kosteniuk, Alexandra"]
[Result "1-0"]
[WhiteElo "2506"]
[BlackElo "2546"]
[PlyCount "131"]
[EventDate "2019.05.22"]
[EventType "k.o. (blitz)"]
[EventRounds "3"]
[EventCountry "USA"]
[SourceTitle "EXT 2020"]
[Source "ChessBase"]
[SourceDate "2019.10.17"]
[SourceVersion "1"]
[SourceVersionDate "2019.10.17"]
[SourceQuality "1"]

1. d4 Nf6 2. c4 e6 3. Nf3 b6 4. g3 Bb7 5. Bg2 Be7 6. O-O O-O 7. Nc3 Ne4 8. Bd2
Nxc3 9. Bxc3 Be4 10. Qd2 d5 11. cxd5 Qxd5 12. Ne1 Bxg2 13. Nxg2 Rd8 14. Rac1 c5
15. Nf4 Qf5 16. Qe3 Nc6 17. dxc5 Bxc5 18. Qf3 Ne5 19. Bxe5 Qxe5 20. Nd3 Qd4 21.
Nxc5 bxc5 22. Rc2 Rab8 23. b3 Rd5 24. e3 Qd3 25. Rfc1 h6 26. Rc4 Rf5 27. Qd1
Qxd1+ 28. Rxd1 Rb5 29. e4 Rh5 30. Rd8+ Kh7 31. Rd7 Ra5 32. a4 f5 33. e5 f4 34.
gxf4 Rf5 35. Rd6 g5 36. Rxe6 gxf4 37. Kg2 Kg7 38. Kf3 Kf7 39. Rxh6 Rxe5 40.
Rxf4+ Kg7 41. Rh3 Ra6 42. Rg3+ Rg6 43. Re4 Rf5+ 44. Ke3 Rf7 45. Re6 Rxg3+ 46.
hxg3 Rb7 47. Rc6 Rxb3+ 48. Ke2 Rb2+ 49. Kf3 Rb3+ 50. Kg4 Rb4+ 51. f4 Rxa4 52.
Rxc5 Ra6 53. f5 Ra3 54. Kf4 Kf6 55. Rc6+ Kf7 56. g4 a5 57. Kg5 Rb3 58. Rc7+ Ke8
59. Ra7 Rb5 60. Kh5 Kd8 61. Kg6 Kc8 62. f6 Kb8 63. Re7 Rb6 64. Kg7 Rb4 65. g5
Rg4 66. g6 1-0

[Event "chess.com Speed (Women)"]
[Site "Chess.com INT"]
[Date "2019.06.23"]
[Round "2.17"]
[White "Kosteniuk, Alexandra"]
[Black "Gunina, Valentina"]
[Result "0-1"]
[WhiteElo "2546"]
[BlackElo "2506"]
[PlyCount "64"]
[EventDate "2019.05.22"]
[EventType "k.o. (blitz)"]
[EventRounds "3"]
[EventCountry "USA"]
[SourceTitle "EXT 2020"]
[Source "ChessBase"]
[SourceDate "2019.10.17"]
[SourceVersion "1"]
[SourceVersionDate "2019.10.17"]
[SourceQuality "1"]

1. Nf3 d5 2. g3 c6 3. Bg2 Bg4 4. O-O Nd7 5. d4 e6 6. h3 Bh5 7. c4 Ngf6 8. cxd5
exd5 9. Nh4 Bg6 10. Qb3 Nb6 11. f4 Bxb1 12. Rxb1 Be7 13. Nf5 O-O 14. g4 Qd7 15.
Qd3 Rfe8 16. Ng3 Qc7 17. g5 Nfd7 18. e4 dxe4 19. Bxe4 Nf8 20. h4 Rad8 21. Kg2
c5 22. d5 c4 23. Qf3 Bc5 24. h5 g6 25. Bd2 Bd4 26. Bb4 Nxd5 27. Bxd5 Re3 28.
Qg4 Rxd5 29. Bxf8 Kxf8 30. f5 Be5 31. Ne2 Rd2 32. Rf2 gxf5 0-1

[Event "chess.com Speed (Women)"]
[Site "Chess.com INT"]
[Date "2019.06.23"]
[Round "2.18"]
[White "Gunina, Valentina"]
[Black "Kosteniuk, Alexandra"]
[Result "1-0"]
[WhiteElo "2506"]
[BlackElo "2546"]
[PlyCount "49"]
[EventDate "2019.05.22"]
[EventType "k.o. (blitz)"]
[EventRounds "3"]
[EventCountry "USA"]
[SourceTitle "EXT 2020"]
[Source "ChessBase"]
[SourceDate "2019.10.17"]
[SourceVersion "1"]
[SourceVersionDate "2019.10.17"]
[SourceQuality "1"]

1. d4 Nf6 2. c4 e6 3. Nf3 c5 4. d5 b5 5. e4 Nxe4 6. Bd3 Nf6 7. Nc3 bxc4 8. Bxc4
Ba6 9. Bxa6 Nxa6 10. O-O Qb8 11. Qe2 Nb4 12. dxe6 fxe6 13. Bg5 Be7 14. Rad1 Qb7
15. Ne5 Rd8 16. Bxf6 Bxf6 17. Ne4 O-O 18. Nxc5 Qc8 19. Nexd7 Rf7 20. Qxe6 Re8
21. Qg4 Nc6 22. Rfe1 Rxe1+ 23. Rxe1 Qd8 24. Qe6 Nd4 25. Qe8+ 1-0

[Event "chess.com Speed (Women)"]
[Site "Chess.com INT"]
[Date "2019.06.23"]
[Round "2.19"]
[White "Kosteniuk, Alexandra"]
[Black "Gunina, Valentina"]
[Result "1-0"]
[WhiteElo "2546"]
[BlackElo "2506"]
[PlyCount "51"]
[EventDate "2019.05.22"]
[EventType "k.o. (blitz)"]
[EventRounds "3"]
[EventCountry "USA"]
[SourceTitle "EXT 2020"]
[Source "ChessBase"]
[SourceDate "2019.10.17"]
[SourceVersion "1"]
[SourceVersionDate "2019.10.17"]
[SourceQuality "1"]

1. Nf3 d5 2. g3 c6 3. Bg2 Bg4 4. O-O Nd7 5. d4 e6 6. h3 Bh5 7. c4 Be7 8. cxd5
exd5 9. Nc3 Ngf6 10. Nh4 O-O 11. f4 Ne4 12. Nf5 Nxc3 13. bxc3 f6 14. g4 Bf7 15.
e4 dxe4 16. Bxe4 Re8 17. Qc2 Nf8 18. Rb1 Qc7 19. Bd3 c5 20. Bb5 Red8 21. Re1
Bd6 22. Nxd6 Qxd6 23. dxc5 Qxc5+ 24. Be3 Qc7 25. Bd3 Bxa2 26. Qxa2+ 1-0

[Event "chess.com Speed (Women)"]
[Site "Chess.com INT"]
[Date "2019.06.23"]
[Round "2.20"]
[White "Gunina, Valentina"]
[Black "Kosteniuk, Alexandra"]
[Result "1-0"]
[WhiteElo "2506"]
[BlackElo "2546"]
[PlyCount "69"]
[EventDate "2019.05.22"]
[EventType "k.o. (blitz)"]
[EventRounds "3"]
[EventCountry "USA"]
[SourceTitle "EXT 2020"]
[Source "ChessBase"]
[SourceDate "2019.10.17"]
[SourceVersion "1"]
[SourceVersionDate "2019.10.17"]
[SourceQuality "1"]

1. d4 Nf6 2. c4 e6 3. Nf3 d5 4. g3 dxc4 5. Bg2 Be7 6. O-O O-O 7. Qc2 Bd7 8.
Qxc4 Bc6 9. Nc3 a6 10. a4 Nbd7 11. Qd3 Rb8 12. e4 Nc5 13. Qc2 Ncxe4 14. Ne5
Nxc3 15. Nxc6 Ne2+ 16. Qxe2 bxc6 17. Qxa6 Qxd4 18. Qxc6 Bd6 19. Be3 Qxb2 20. a5
Nd5 21. Bxd5 exd5 22. Qxd5 Qb5 23. Qxb5 Rxb5 24. Rfb1 Rxb1+ 25. Rxb1 Ra8 26. a6
Kf8 27. a7 c5 28. Rb7 Ke8 29. Bxc5 Bxc5 30. Rb8+ Ke7 31. Rxa8 Kf6 32. Kg2 h5
33. h4 g6 34. Kf3 Kf5 35. Rf8 1-0

[Event "chess.com Speed (Women)"]
[Site "Chess.com INT"]
[Date "2019.06.23"]
[Round "2.21"]
[White "Kosteniuk, Alexandra"]
[Black "Gunina, Valentina"]
[Result "0-1"]
[WhiteElo "2546"]
[BlackElo "2506"]
[PlyCount "88"]
[EventDate "2019.05.22"]
[EventType "k.o. (blitz)"]
[EventRounds "3"]
[EventCountry "USA"]
[SourceTitle "EXT 2020"]
[Source "ChessBase"]
[SourceDate "2019.10.17"]
[SourceVersion "1"]
[SourceVersionDate "2019.10.17"]
[SourceQuality "1"]

1. e4 c6 2. d4 d5 3. e5 Bf5 4. Nf3 e6 5. Be2 Nd7 6. O-O h6 7. Nbd2 Ne7 8. a4 a5
9. Re1 Bh7 10. Bf1 Nf5 11. Bd3 Bg6 12. b3 Be7 13. c4 O-O 14. Bb2 Bb4 15. Qc2
Ne7 16. Re2 Rc8 17. Nf1 Bxd3 18. Qxd3 c5 19. Ne3 cxd4 20. Bxd4 Nc5 21. Qc2 dxc4
22. Nxc4 Nd5 23. Nd6 Rc6 24. Qa2 Qd7 25. Rd1 Na6 26. Nb5 Bc5 27. Qb2 Rfc8 28.
Red2 Bb4 29. Re2 Nf4 30. Re4 Rc2 31. Qb1 Ne2+ 32. Kf1 Rc1 33. Qd3 Rxd1+ 34.
Qxd1 Rc1 35. Kxe2 Rxd1 36. Kxd1 Qd5 37. Re3 Bc5 38. Kc2 Nb4+ 39. Kb2 Be7 40.
Re2 Nd3+ 41. Kc3 Nf4 42. Rc2 Nxg2 43. Nd2 Ne1 44. Rc1 Bb4+ 0-1

[Event "chess.com Speed (Women)"]
[Site "Chess.com INT"]
[Date "2019.06.23"]
[Round "2.22"]
[White "Gunina, Valentina"]
[Black "Kosteniuk, Alexandra"]
[Result "1-0"]
[WhiteElo "2506"]
[BlackElo "2546"]
[PlyCount "71"]
[EventDate "2019.05.22"]
[EventType "k.o. (blitz)"]
[EventRounds "3"]
[EventCountry "USA"]
[SourceTitle "EXT 2020"]
[Source "ChessBase"]
[SourceDate "2019.10.17"]
[SourceVersion "1"]
[SourceVersionDate "2019.10.17"]
[SourceQuality "1"]

1. d4 Nf6 2. c4 e6 3. Nf3 d5 4. Nc3 dxc4 5. e3 a6 6. Bxc4 b6 7. Bd3 Bb7 8. O-O
c5 9. Qe2 Nbd7 10. b3 Qb8 11. h3 Be7 12. Bb2 O-O 13. Rfd1 cxd4 14. Nxd4 Nc5 15.
Bc2 Qe5 16. b4 Ncd7 17. a3 Qg5 18. f4 Qg3 19. Bb3 Rfd8 20. Rac1 Nf8 21. Qf2
Qxf2+ 22. Kxf2 Rac8 23. Na4 Ne4+ 24. Kg1 b5 25. Nb6 Rxc1 26. Rxc1 Bd6 27. f5
Re8 28. fxe6 fxe6 29. Nf3 Bb8 30. Bd4 Ng3 31. Rc2 Nf5 32. Bc5 Be4 33. Rd2 Ng6
34. Ng5 Ng3 35. Bxe6+ Rxe6 36. Rd8+ 1-0

[Event "chess.com Speed (Women)"]
[Site "Chess.com INT"]
[Date "2019.06.23"]
[Round "2.23"]
[White "Kosteniuk, Alexandra"]
[Black "Gunina, Valentina"]
[Result "0-1"]
[WhiteElo "2546"]
[BlackElo "2506"]
[PlyCount "124"]
[EventDate "2019.05.22"]
[EventType "k.o. (blitz)"]
[EventRounds "3"]
[EventCountry "USA"]
[SourceTitle "EXT 2020"]
[Source "ChessBase"]
[SourceDate "2019.10.17"]
[SourceVersion "1"]
[SourceVersionDate "2019.10.17"]
[SourceQuality "1"]

1. Nf3 d5 2. g3 c6 3. Bg2 Bg4 4. O-O Nd7 5. d4 e6 6. h3 Bxf3 7. Bxf3 Ngf6 8.
Nd2 Be7 9. e4 dxe4 10. Nxe4 O-O 11. c3 h6 12. Re1 Nxe4 13. Bxe4 Nf6 14. Bg2 Qc7
15. Bf4 Bd6 16. Be3 Rad8 17. Qc1 Rfe8 18. a4 a5 19. Qc2 Nd5 20. Bd2 Nf6 21.
Rad1 Re7 22. Bc1 Rde8 23. b3 e5 24. dxe5 Rxe5 25. Rxe5 Bxe5 26. c4 Nd7 27. Qf5
Nc5 28. Be3 g6 29. Qc2 Qb6 30. Rd3 Bg7 31. Qd1 Qb4 32. Bd2 Qa3 33. Re3 Rd8 34.
Qe1 Nxb3 35. Bxa5 Ra8 36. Re8+ Rxe8 37. Qxe8+ Bf8 38. Bc7 Nd4 39. Be5 Ne6 40.
Bf6 Qxa4 41. Qd7 Qxc4 42. Qd2 Kh7 43. Ba1 Bg7 44. Bxg7 Kxg7 45. Qb2+ Qd4 46.
Qxb7 c5 47. Kh2 c4 48. Qf3 c3 49. Qe2 Qd2 50. Qxd2 cxd2 51. Bf3 Nc5 52. Bd1 Ne4
53. Kg2 Nc3 54. Bc2 d1=Q 55. Bxd1 Nxd1 56. Kf3 Nc3 57. h4 Kf6 58. g4 Ke5 59.
Ke3 Nd5+ 60. Kf3 Kd4 61. g5 hxg5 62. hxg5 Ke5 0-1

[Event "chess.com Speed (Women)"]
[Site "Chess.com INT"]
[Date "2019.06.23"]
[Round "2.24"]
[White "Gunina, Valentina"]
[Black "Kosteniuk, Alexandra"]
[Result "0-1"]
[WhiteElo "2506"]
[BlackElo "2546"]
[PlyCount "96"]
[EventDate "2019.05.22"]
[EventType "k.o. (blitz)"]
[EventRounds "3"]
[EventCountry "USA"]
[SourceTitle "EXT 2020"]
[Source "ChessBase"]
[SourceDate "2019.10.17"]
[SourceVersion "1"]
[SourceVersionDate "2019.10.17"]
[SourceQuality "1"]

1. d4 Nf6 2. c4 e6 3. Nf3 d5 4. g3 dxc4 5. Bg2 Nc6 6. O-O Rb8 7. a4 a6 8. Bg5
Be7 9. e3 Nd5 10. Bxe7 Ncxe7 11. Qc2 b5 12. axb5 axb5 13. b3 cxb3 14. Qxb3 O-O
15. Rc1 b4 16. e4 Nf6 17. Nbd2 Bb7 18. Re1 Nc6 19. Qc4 Nd7 20. Nb3 Nb6 21. Qc2
e5 22. d5 Nd4 23. Nfxd4 exd4 24. Nxd4 Re8 25. Qb2 Qd6 26. Nf5 Qf6 27. Qxb4 Bxd5
28. exd5 Qxf5 29. Rxe8+ Rxe8 30. Qc5 Qe5 31. Rc1 Re7 32. Bf3 g6 33. Kg2 Kg7 34.
Rc2 Qf6 35. Rd2 Rd7 36. Re2 Qd6 37. Qd4+ Qf6 38. Qc5 Qd6 39. Qd4+ Qf6 40. Qe4
Nxd5 41. Rc2 c6 42. Qc4 Rd6 43. h4 h5 44. Re2 Re6 45. Ra2 Qe5 46. Ra8 Rf6 47.
Qc5 Qe7 48. Qxd5 cxd5 0-1

[Event "chess.com Speed (Women)"]
[Site "Chess.com INT"]
[Date "2019.06.23"]
[Round "2.25"]
[White "Kosteniuk, Alexandra"]
[Black "Gunina, Valentina"]
[Result "0-1"]
[WhiteElo "2546"]
[BlackElo "2506"]
[PlyCount "104"]
[EventDate "2019.05.22"]
[EventType "k.o. (blitz)"]
[EventRounds "3"]
[EventCountry "USA"]
[SourceTitle "EXT 2020"]
[Source "ChessBase"]
[SourceDate "2019.10.17"]
[SourceVersion "1"]
[SourceVersionDate "2019.10.17"]
[SourceQuality "1"]

1. Nf3 d5 2. g3 c6 3. Bg2 Nf6 4. O-O Bf5 5. d3 e6 6. Nbd2 Nbd7 7. b3 Bb4 8. Bb2
O-O 9. a3 Bd6 10. Re1 e5 11. e4 Bg4 12. h3 Bxf3 13. Qxf3 d4 14. g4 h6 15. Qg3
Qe7 16. Nf3 Nh7 17. Nh4 g6 18. Bh1 Ng5 19. Ng2 Ne6 20. Bc1 g5 21. h4 f6 22. f3
Rf7 23. Re2 a5 24. Ne1 b5 25. Rh2 Rh7 26. Bg2 a4 27. b4 Rc8 28. Bf1 c5 29. bxc5
Bxc5 30. hxg5 fxg5 31. Rh3 Bd6 32. Qh2 Qf6 33. Rb1 Rb8 34. Be2 Ndf8 35. Bd1 Kg7
36. Ng2 Ng6 37. Qg3 Ngf4 38. Nxf4 Nxf4 39. Rh2 Bc5 40. Qe1 Qd6 41. Qa5 Qc6 42.
Bxf4 exf4 43. Re2 Kg6 44. Rh2 Ra7 45. Qe1 Bxa3 46. e5 Bf8 47. e6 Re7 48. Qe5
Rbe8 49. Qf5+ Kg7 50. Qe5+ Kg8 51. Qxd4 Rxe6 52. c4 Bc5 0-1

[Event "chess.com Speed (Women)"]
[Site "Chess.com INT"]
[Date "2019.06.23"]
[Round "2.26"]
[White "Gunina, Valentina"]
[Black "Kosteniuk, Alexandra"]
[Result "1-0"]
[WhiteElo "2506"]
[BlackElo "2546"]
[PlyCount "75"]
[EventDate "2019.05.22"]
[EventType "k.o. (blitz)"]
[EventRounds "3"]
[EventCountry "USA"]
[SourceTitle "EXT 2020"]
[Source "ChessBase"]
[SourceDate "2019.10.17"]
[SourceVersion "1"]
[SourceVersionDate "2019.10.17"]
[SourceQuality "1"]

1. d4 Nf6 2. c4 e6 3. Nf3 d5 4. Nc3 dxc4 5. e4 b5 6. e5 Nd5 7. Be2 Nxc3 8. bxc3
Be7 9. a4 c5 10. axb5 cxd4 11. Nxd4 Bb7 12. Bf3 Bd5 13. O-O O-O 14. Ba3 Bxa3
15. Rxa3 Qc7 16. Qe2 Nd7 17. Bxd5 exd5 18. e6 Nc5 19. exf7+ Qxf7 20. Ra2 Ne4
21. Qe3 Rae8 22. Re2 Nc5 23. Qd2 Rxe2 24. Qxe2 Nd3 25. g3 Re8 26. Qg4 g6 27. h4
Re4 28. Qg5 Kg7 29. h5 Re5 30. h6+ Kg8 31. Qg4 Qf8 32. Nc6 Rf5 33. Qd4 Rf7 34.
Qxd5 Qxh6 35. Nd8 Qf8 36. Nxf7 Qxf7 37. Qxf7+ Kxf7 38. Ra1 1-0

[Event "chess.com Speed (Women)"]
[Site "Chess.com INT"]
[Date "2019.06.23"]
[Round "2.27"]
[White "Kosteniuk, Alexandra"]
[Black "Gunina, Valentina"]
[Result "0-1"]
[WhiteElo "2546"]
[BlackElo "2506"]
[PlyCount "58"]
[EventDate "2019.05.22"]
[EventType "k.o. (blitz)"]
[EventRounds "3"]
[EventCountry "USA"]
[SourceTitle "EXT 2020"]
[Source "ChessBase"]
[SourceDate "2019.10.17"]
[SourceVersion "1"]
[SourceVersionDate "2019.10.17"]
[SourceQuality "1"]

1. e4 c6 2. Nf3 d5 3. Nc3 Bg4 4. Be2 Bxf3 5. Bxf3 e6 6. d4 Nf6 7. e5 Nfd7 8.
O-O Be7 9. Be2 c5 10. dxc5 Nc6 11. f4 Nxc5 12. Kh1 O-O 13. Nb5 Ne4 14. c3 Qb6
15. Nd4 Nxd4 16. cxd4 Rac8 17. Bf3 Rc4 18. Bxe4 dxe4 19. Be3 Qxb2 20. Rb1 Qxa2
21. Rxb7 Bb4 22. f5 exf5 23. d5 a5 24. d6 Rc3 25. Bg5 Rd3 26. Qc1 Qd5 27. Rc7
Qxe5 28. Be7 Bxd6 29. Bxf8 Bxc7 0-1

[Event "chess.com Speed (Women)"]
[Site "Chess.com INT"]
[Date "2019.06.23"]
[Round "2.28"]
[White "Gunina, Valentina"]
[Black "Kosteniuk, Alexandra"]
[Result "0-1"]
[WhiteElo "2506"]
[BlackElo "2546"]
[PlyCount "102"]
[EventDate "2019.05.22"]
[EventType "k.o. (blitz)"]
[EventRounds "3"]
[EventCountry "USA"]
[SourceTitle "EXT 2020"]
[Source "ChessBase"]
[SourceDate "2019.10.17"]
[SourceVersion "1"]
[SourceVersionDate "2019.10.17"]
[SourceQuality "1"]

1. d4 Nf6 2. c4 e6 3. Nf3 d5 4. g3 dxc4 5. Bg2 Nc6 6. O-O Be7 7. Bg5 Rb8 8. e3
O-O 9. Qc2 b5 10. a4 Nb4 11. Qe2 Ba6 12. axb5 Bxb5 13. Nc3 a6 14. Ne5 Nfd5 15.
Bxe7 Qxe7 16. Nxc4 Nxc3 17. bxc3 Nd5 18. Qa2 Nxc3 19. Qb3 Nd5 20. Rfc1 h5 21.
Qc2 h4 22. Na3 Bd7 23. e4 Nb4 24. Qxc7 e5 25. Qxe5 Qxe5 26. dxe5 h3 27. Bf1
Rfe8 28. f4 Rec8 29. Rd1 Bg4 30. Rd2 Rc3 31. Nc4 Rc8 32. Nd6 R8c6 33. Kf2 Rf3+
34. Kg1 Re3 35. Ra4 Rb3 36. Bc4 Rb1+ 37. Kf2 Rb6 38. Nxf7 Kh7 39. Ng5+ Kg6 40.
Bf7+ Kh6 41. Ra3 Rh1 42. Rd8 Rxh2+ 43. Ke3 Re2+ 44. Kd4 Rd2+ 45. Kc5 Rxd8 46.
Kxb6 h2 47. Ra1 Rd1 48. Rxd1 Bxd1 49. e6 h1=Q 50. e7 Qg1+ 51. Kb7 Ba4 0-1